Frutos de la tierra : atlas de las plantas alimenticias /

Guardado en:
Autor Principal: Bianchini, Francesco
Otros Autores: Corbetta, Francesco, Pistoia, Marinela, il.
Formato: Libro
Publicado: Barcelona : Aedos, 1974
Materias:
Etiquetas: Agregar Etiqueta
Sin Etiquetas, Sea el primero en etiquetar este registro!
LEADER 00948nam a22002655a 4500
001 CEM.cems015724
005 20110502102021.0
008 130507s1974##################000#0#####d
003 CEMS
020 |a 8470031929 
082 0 4 |a 634 
100 1 |a Bianchini, Francesco 
245 1 0 |a Frutos de la tierra :  |b atlas de las plantas alimenticias /  |c Francesco Bianchini y Francesco Corbetta ; ilustraciones de Marilena Pistoia ; presentación de Enrique Mességué 
260 |a Barcelona :  |b Aedos,  |c 1974 
300 |a 304 p. 
505 0 |a Cereales -- Verduras -- Hongos -- Frutas -- Especias y aromas -- Excitantes -- Plantas de fecula, de azúcar, de aceite 
653 |a Agricultura 
653 |a Cereales 
653 |a Especias 
653 |a Fruticultura 
653 |a Oeaginosas 
653 |a Plantas alimenticias 
700 1 |a Corbetta, Francesco 
700 1 |a Pistoia, Marinela, il. 
859 |a CEMS  |b BIB. CEMS - Agricultura  |h 634  |i B47  |p A11452.82  |t Ej.1